Brooke placates the sullen masses (Record no. 117546)

MARC details
000 -LEADER
fixed length control field 01784cam a2200301 4500
001 - CONTROL NUMBER
control field ABS67956
008 - FIXED-LENGTH DATA ELEMENTS--GENERAL INFORMATION
fixed length control field 040618n2004 000 0 eng u
035 ## - SYSTEM CONTROL NUMBER
System control number (Sirsi) u126513
245 ## - TITLE STATEMENT
Title Brooke placates the sullen masses
260 ## - PUBLICATION, DISTRIBUTION, ETC.
Date of publication, distribution, etc. 2004
490 ## - SERIES STATEMENT
Series statement Estates Gazette
Volume/sequential designation (0424) 12 June 2004, 134-136(3)
520 ## - SUMMARY, ETC.
Summary, etc. Outlines the recommendations of the Brooke Review Committee, set up to investigate how the RICS could best respond to the needs of its members. "The Brooke report" (J126458) published on 7 June 2004 makes 44 recommendations. These include devolving more responsibility to local associations and enhancing the role of the three UK national associations, reorganising the existing 16 faculties into three groups, addressing communication issues to reduce information overload, the re-launch the RICS website, adopting a more member friendly tone and plain speaking in all communications to members, reviewing the RICS' self-regulatory role and enhancing the role of RICS Matrics. It is expected that the recommendations could be implemented immediately or within the next 12 months. Sets out a draft timetable for implementation of recommendations.
590 ## - LOCAL NOTE (RLIN)
Local note ABS
590 ## - LOCAL NOTE (RLIN)
Local note ABS
650 ## - SUBJECT ADDED ENTRY--TOPICAL TERM
Topical term or geographic name entry element RICS BROOKE REVIEW
650 ## - SUBJECT ADDED ENTRY--TOPICAL TERM
Topical term or geographic name entry element ABOUT RICS
650 ## - SUBJECT ADDED ENTRY--TOPICAL TERM
Topical term or geographic name entry element DEVOLUTION
650 ## - SUBJECT ADDED ENTRY--TOPICAL TERM
Topical term or geographic name entry element MEMBERSHIP
650 ## - SUBJECT ADDED ENTRY--TOPICAL TERM
Topical term or geographic name entry element RICS GOVERNING COUNCIL
650 ## - SUBJECT ADDED ENTRY--TOPICAL TERM
Topical term or geographic name entry element ABOUT RICS-RICS MATRICS
650 ## - SUBJECT ADDED ENTRY--TOPICAL TERM
Topical term or geographic name entry element COMMUNICATION
650 ## - SUBJECT ADDED ENTRY--TOPICAL TERM
Topical term or geographic name entry element SELF-REGULATION
650 ## - SUBJECT ADDED ENTRY--TOPICAL TERM
Topical term or geographic name entry element RICS NATIONAL ASSOCIATIONS
690 ## - LOCAL SUBJECT ADDED ENTRY--TOPICAL TERM (OCLC, RLIN)
Topical term or geographic name as entry element PROFESSIONAL PRACTICE
856 ## - ELECTRONIC LOCATION AND ACCESS
Uniform Resource Identifier <a href="https://www.rics.org/about_us/about_rics/brooke_review.html">https://www.rics.org/about_us/about_rics/brooke_review.html</a>
Public note View the Brooke review web pages...
856 ## - ELECTRONIC LOCATION AND ACCESS
Uniform Resource Identifier <a href="https://www.rics.org/about_us/about_rics/brooke_review.html">https://www.rics.org/about_us/about_rics/brooke_review.html</a>
Public note View the Brooke review web pages...
942 ## - ADDED ENTRY ELEMENTS (KOHA)
Suppress in OPAC 0
Holdings
Withdrawn status Lost status Source of classification or shelving scheme Damaged status Not for loan Home library Current library Shelving location Date acquired Total Checkouts Full call number Barcode Date last seen Copy number Price effective from Koha item type
    Dewey Decimal Classification     London London Journal article 18/06/2004   ABS67956 126513-1001 06/08/2019 1 06/08/2019 Journal article